000 01404nam a2200289Ia 4500
003 OSt
005 20200709140543.0
008 191128s1983 ck gr 000 0dspa d
040 _aCO-JMCR
_cCO-JMCR
041 0 _aspa
082 0 4 _a330.986 /
_bC172q
_223
110 1 _aColombia. Camára de Comercio de Bogotá
_96916
245 1 0 _a¿Qué quedo de la emergencia económica? /
_cCámara de Comercio de Bogotá ; coordinadora Cecilia Acevedo de Molano, Alonso Franco Botero
260 _aBogotá :
_b[Camára de Comercio de Bogotá],
_c1983.
300 _axiv, 272 páginas ;
_c23 cm.
490 0 _aBiblioteca de la Camara de Comercio de Bogotá
500 _aIncluye índice alfabético por materias páginas 261-272.
505 0 _aDecretos legislativos (exequibles e inexequibles) -- Jurisprudencia de la Corte Suprema de Justicia -- Comentarios de gremios y expertos -- Proyectos de ley presentados por el gobierno al Congreso -- Motivación de los proyectos de ley
650 1 4 _aHacienda pública
_zColombia
_96814
650 2 4 _aElaboración del presupuesto
_zColombia
_96917
650 2 4 _aRégimen presupuestal
_zColombia
_96918
650 2 4 _aEstado de emergencia
_xLegislación
_zColombia
_96919
650 2 4 _aEstado de excepción
_zColombia
_96920
700 1 _aAcevedo de Molano, Cecilia,
_ecoordinadora
_96921
700 1 _aBotero, Alonso Franco,
_ecoordinador
_96922
942 _2ddc
_cBK
999 _c5512
_d5512